000
00305nam a2200121Ia 4500
008
150201s2009 xx 000 0 und d
082
_a
616.11
_b
T09K
100
_a
KUMAR,RV
245
_a
TINY TOTS AND TENDER HEARTS
260
_b
I.K. INTERNATIONAL
_a
DELHI
_c
2009
650
_a
PAEDIATRICS
942
_2
ddc
_c
BK
_0
4
999
_c
837
_d
837